• 首页
  • 本馆介绍
  • 公告通知
  • 最新文献
  • 馆藏检索
  • 电子资源
  • 读者荐购
  • 参考咨询
  • CALIS
  • 我的图书馆
  • 登录
  • 详细信息显示
  • 放入我的书架
  • 预约/预借图书
  • 作者相关作品
  • 分类相关作品
  • 丛书相关作品
  • 出版社相关作品

书目信息

  • 表格格式
  • 工作单格式
  • 卡片格式
题名:
胡雪岩
    
 
作者: 二月河 , 薛家柱 著
分册:  
出版信息: 武汉   长江文艺出版社  2007.09
页数: 455页
开本: 24cm
丛书名:
单 册:
中图分类: I247.43
科图分类:
主题词: 章回小说--zhang hui xiao shuo--中国--现代 , 长篇小说--chang pian xiao shuo--中国--现代 , 历史小说--li shi xiao shuo--中国--现代
电子资源:
ISBN: 978-7-5354-3521-7
 
 
 
 
 
000 00964nam0 2200265 450
001 012008140011
005 20080619103628.87
010    @a978-7-5354-3521-7@dCNY36.00
100    @a20080619d2007 em y0chi0120 ea
101 0  @achi
102    @aCN@b420000
105    @ay z 000ay
106    @ar
200 1  @a胡雪岩@Ahu xue yan@f二月河, 薛家柱著@Fer yue he,xue jia zhu zhu
210    @a武汉@c长江文艺出版社@d2007.09
215    @a455页@d24cm
330    @a本书作者以惯有的历史小说的笔法详解红顶商人胡雪岩从无到有、从小到大的经商之道。既展现了晚清官场的波诡云谲、政治的风云变幻,也展示了胡雪岩纵横驰骋政商两界的智慧谋略。
606 0  @a章回小说@Azhang hui xiao shuo@y中国@z现代
606 0  @a长篇小说@Achang pian xiao shuo@y中国@z现代
606 0  @a历史小说@Ali shi xiao shuo@y中国@z现代
690    @aI247.43@v4
701  0 @a二月河@Aer yue he@4著
701  0 @a薛家柱@Axue jia zhu@4著
801  0 @aCN@bQSSK@c20080619
905    @b727822-24@dI247.43@eE103@f3
    
    胡雪岩/二月河, 薛家柱著.-武汉:长江文艺出版社,2007.09
    455页;24cm
    
    
    ISBN 978-7-5354-3521-7:CNY36.00
    本书作者以惯有的历史小说的笔法详解红顶商人胡雪岩从无到有、从小到大的经商之道。既展现了晚清官场的波诡云谲、政治的风云变幻,也展示了胡雪岩纵横驰骋政商两界的智慧谋略。
●
相关链接 在E读中查询图书 在当当中查询图书 在豆瓣中查询图书


正题名:胡雪岩     索取号:I247.43/E103         预约/预借

序号 登录号 条形码 馆藏地/架位号 状态 备注
1 727822   207278220   文学库108/108文学库 24排11列5层/ [索取号:I247.43/E103] 在馆    
2 727823   207278239   文学库108/ [索取号:I247.43/E103] 在馆    
3 727824   207278248   社科二线400B/400B社科库 11排1列6层/ [索取号:I247.43/E103] 在馆    
河南城建学院图书馆 欢迎您!
大连网信软件有限公司© 版权所有